Statistics for 12 clue Beatles CHAIN quiz

Click here to take the quiz!

General Stats

  • This quiz has been taken 115 times
    (110 since last reset)
  • The average score is 7 of 12

Answer Stats

HintAnswer% Correct
_______ RigbyEleanor
99%
Home CityLiverpool
98%
Germany city associated with their early daysHamburg
97%
7th studio albumRevolver
96%
Their final film/doc, when they were togetherLet it Be
91%
Track on that album (apart from the North American release): "Doctor ______"Robert
89%
Number 6 in Belgium? Pah, No1 everywhere listed on wiki!, 1963I Want to Hold Your Hand
46%
Leiber and Stoller song from their early days: "Going to get my baby back home, Well its a long long time too, My baby's been gone" Kansas City
31%
Song off one of the later albums, taken into the UK Top 3 in 1983 by Siouxsie and the Banshees: ____ ________ (4,8)Dear Prudence
30%
2016 Ron Howard film about them Eight Days a Week
29%
Liverpool district where Ringo was bornToxteth
11%
One of Ringo's step children from his marriage to Barbara Bach: ______ GregoriniGianni
9%

Score Distribution

Percentile by Number Answered

Percent of People with Each Score

Your Score History

You have not taken this quiz since the last reset